Tous les Hugo New Romance - Statistics

General Stats
  • This quiz has been taken 10 times
    9 since last reset
  • The average score is 143 of 686
Answer Stats
Auteur.trices Answer % Correct
Hoover Colleen Jamais Plus 1
71%
Moncomble Morgane L'As de Coeur 1
71%
Moncomble Morgane L'As de Pique 2
71%
Kennedy Elle The Deal 1
71%
Chase Emma Twisted 2
71%
Huang Ana Twisted Games 2
71%
Huang Ana Twisted Hate 3
71%
Huang Ana Twisted Lies 4
71%
Huang Ana Twisted Love 1
71%
Moncomble Morgane Un automne pour te pardonner 1
71%
Moncomble Morgane Un été pour te retrouver 4
71%
Moncomble Morgane Un hiver pour te résister 2
71%
Moncomble Morgane Un printemps pour te succomber 3
71%
Dane Delinda Dark Majesty 3
57%
Dane Delinda Fallen Majesty 2
57%
Nemezia Lea Insomnia 1
57%
Asher Phoenix B. – Estyer F.V. Leander 1
57%
Dane Delinda Love, Charlie
57%
Dane Delinda Mad Majesty 1
57%
Asher Phoenix B. – Estyer F.V. Sander 2
57%
Asher Phoenix B. – Estyer F.V. Scott 6
57%
Kennedy Elle The Score 3
57%
Ayme Tina You kill me boy 1
57%
Quill C.S. Abysses 1
43%
Quill C.S. Abysses 2
43%
Alexia Gaïa Adopted Love 1
43%
Alexia Gaïa Adopted Love 2
43%
Alexia Gaïa Adopted Love 3
43%
Todd Anna After 1
43%
Carlan Audrey Aout 8
43%
Hoover Colleen A tout jamais 2
43%
Carlan Audrey Avril 4
43%
Alexia Gaïa Baby Random 1
43%
Alexia Gaïa Baby Random 2
43%
Alexia Gaïa Baby Random 3
43%
Quill C.S. Book Boyfriend 2
43%
Quill C.S. Crash test 3
43%
Asher Phoenix B. – Estyer F.V. Dante 3
43%
Huntington Parker S. Darling Venom
43%
Carlan Audrey Décembre 12
43%
Bromberg K. Driven 1
43%
Carlan Audrey Février 2
43%
Bromberg K. Final Proposal 3
43%
Quill C.S. Good Luke 5
43%
Cherry Brittainy C. If you stayed
43%
Gabbiani Margherita I want your revenge
43%
Carlan Audrey Janvier 1
43%
Carlan Audrey Juillet 7
43%
Carlan Audrey Juin 6
43%
Asher Phoenix B. – Estyer F.V. Knox 4
43%
Moncomble Morgane La Révolte de la Reine 1
43%
Ghanem Océane – Guerrieri Jenn L'Art du Trompe-l'oeil
43%
Bromberg K. Last Resort 1
43%
Blake Dahlia Les azalées fleurissent en hiver 1
43%
Lylyblabla Le Soleil de minuit 1
43%
Lylyblabla Le Soleil de minuit 2
43%
Quill C.S. Love Machine 4
43%
Carlan Audrey Mai 5
43%
Carlan Audrey Mars 3
43%
Hoover Colleen Maybe not 2
43%
Hoover Colleen Maybe now 3
43%
Hoover Colleen Maybe someday 1
43%
Black Acacia Midnight Kiss 1
43%
Black Acacia Midnight Lies 2
43%
Moncomble Morgane Nos Âmes Tourmentées
43%
Nemezia Lea Nostalgia 2
43%
Hoover Colleen November 9
43%
Carlan Audrey Novembre 11
43%
Carlan Audrey Octobre 10
43%
Blake Dahlia Pourvu qu'on ne s'aime jamais 2
43%
Rigins Anita Price of Legacy
43%
Alexia Gaïa Queen Bee
43%
Bay Lyly Queen of Minds 1
43%
Payelle Aurore Red Falcon 1
43%
Hoover Colleen Regretting you
43%
Hoover Colleen Reminders of him
43%
Sheridan Mia Savaged
43%
Carlan Audrey Septembre 9
43%
Inguimbert Magali Seulement Si 2
43%
Inguimbert Magali Si Seulement 1
43%
Ryan Lexi Si Seulement... 2
43%
Quill C.S. Supermad 1
43%
Cherry Brittainy C. The air he breathes 1
43%
Cherry Brittainy C. The Coldest Winter
43%
Cherry Brittainy C. The fire between High and Lo 2
43%
Kennedy Elle The Goal 4
43%
Cherry Brittainy C. The gravity of us 4
43%
Kennedy Elle The Mistake 2
43%
Cherry Brittainy C. The silent waters 3
43%
Lylyblabla Tous nos lendemains 3
43%
Blake Dahlia –Dane Delinda – Lylyblabla – Inguimbert Magali – Moncomble Morgane Unhappy New Year
43%
Hoover Colleen Verity
43%
Hoover Colleen Woman Down
43%
Ayme Tina You kill me baby 3
43%
Ayme Tina You kill me girl 2
43%
Moncomble Morgane Aime-moi je te fuis 2
29%
Wild Laura S. Aimer 4
29%
Lauren Christina Beautiful Boss 4.5
29%
Lauren Christina Beautiful Player 3
29%
Cherry Brittainy C. Behind the bars 1
29%
Gadarr Mo Black Feelings 1
29%
Gadarr Mo Black Feelings 2
29%
Cassis Maloria Blue Shield 3
29%
Keeland Vi Bossman
29%
Cassis Maloria Calvin 2
29%
Broochmitt A.J. Ces maux que nous taisons
29%
Broochmitt A.J. Ces silences que l'on regrette
29%
Hoover Colleen Confess
29%
Wild Laura S. Cruz 2
29%
Nemezia Lea Euphoria 3
29%
Moncomble Morgane Falling Again
29%
Quill C.S. Fan Squad
29%
Ghanem Océane Fire 1
29%
Enwy Alfreda – Garnier Alicia From Prince to King 2
29%
Enwy Alfreda – Garnier Alicia From Shadow to Light 4
29%
Cassis Maloria Harry 3
29%
Dane Delinda Highway to us 2
29%
Enwy Alfreda – Garnier Alicia Hot as Hell 1
29%
Enwy Alfreda – Garnier Alicia Ice and Fire 3
29%
Ghanem Océane Jaanu 2
29%
Stone Liv – Zamora Claire Jake 7
29%
Wild Laura S. Jaxon 4
29%
Cassis Maloria Julian 1
29%
Frazier T.M. King 1
29%
Huang Ana La Colère 1
29%
Huang Ana La Gourmandise 6
29%
Huang Ana La Luxure 7
29%
Lauren Christina L'Anti-lune de miel
29%
Huang Ana La Paresse 4
29%
Wild Laura S. La romance presque parfaite d'une accro à Noël 1
29%
Wild Laura S. Le bébé plus que parfait d'une accro à Noël 3
29%
Halle Karina Le Jeu 3
29%
Rigins Anita Le jeu des menteurs 2
29%
Rigins Anita Le jeu des tricheurs 1
29%
Alexia Gaïa Le Marchand de Sable 1
29%
Alexia Gaïa Le Marchand de Sable 2
29%
Wild Laura S. Le mariage presque parfait d'une accro à Noël 2
29%
Wild Laura S. Lennon 1
29%
Huang Ana L'Envie 5
29%
Gabbiani Margherita Les dessous de la Chambre Noire 2
29%
Huang Ana L'Orgueil 2
29%
Lauren Christina Love and other words
29%
Wild Laura S. Lutter 2
29%
Carlan Audrey Madrid 10
29%
Ghanem Océane Meri Jaan 1
29%
Carlan Audrey Milan 4
29%
Bay Lyly Mind your business 3
29%
Wild Laura S. My Escort Love 1
29%
Wild Laura S. My Escort Love 2
29%
Carlan Audrey New York 2
29%
Balliana Tamara N'oublie pas les chocolats
29%
Gabbiani Margherita Nymphéa et la chambre rouge 1
29%
Bromberg K. On one Condition 2
29%
Austen Jane Orgueil et Préjugés
29%
Wild Laura S. Oscar 5
29%
Mars Lyla Our Vicious Lies
29%
Bay Lyly Out of my mind 2
29%
Carlan Audrey Paris 1
29%
Asher Phoenix B. Pine Lake Resort
29%
Ghanem Océane – Guerrieri Jenn Red flag vs Green flag 3
29%
Cassis Maloria Red Light 2
29%
Carlan Audrey Rio de Janeiro 11
29%
Wild Laura S. Sawyer 3
29%
Dane Delinda Scottish Rhapsody
29%
Auclair Axelle Secret défense d'aimer 1
29%
Auclair Axelle Secret défense d'aimer 2
29%
Auclair Axelle Secret défense d'aimer 3
29%
Asher Phoenix B. – Estyer F.V. Silas 5
29%
Wild Laura S. Sombrer 3
29%
Enwy Alfreda Soulbreaker 2
29%
Dane Delinda Stairway to Heaven 1
29%
Wild Laura S. Succomber 1
29%
Kennedy Elle The Chase 1
29%
Garnier Alicia The Dare 1
29%
Kennedy Elle The Dare 4
29%
Kennedy Elle The Legacy 5
29%
Kennedy Elle The Play 3
29%
Cherry Brittainy C. The Problem with dating 1
29%
Cherry Brittainy C. The problem with falling 3
29%
Cherry Brittainy C. The Problem with Players 2
29%
Kennedy Elle The Risk 2
29%
Enwy Alfreda Trouble Maker 1
29%
Hoover Colleen Ugly Love
29%
Moncomble Morgane Viens on s'aime 1
29%
Cassis Maloria Yellow Flag 1
29%
Lipinska Blanka 365 Jours 1
14%
Quill C.S. 49 Jours : Je compterais pour toi
14%
Hart Emma 4 jours de folie
14%
Seveno Elle 6 ans
14%
Frazier T.M. Abel 4
14%
Bromberg K. Aced 4
14%
Dani Noémie A chaque seconde 4
14%
Balliana Tamara – Zamora Claire Adam 5
14%
James Monica Addicted to Sin 1
14%
James Monica Addicted to Sin 2
14%
Kennedy Elle Addiction 2
14%
Chase Emma Affaire non classée 3
14%
Ayme Tina Affronter 2
14%
Pierce M. After Dark 3
14%
Tarantini Battista Ainsi soient les étoiles 1
14%
Devreaux Jane A la dérive
14%
Elks Carrie A la grâce de l'automne 2
14%
Halle Karina A la poursuite du soleil
14%
Tucker K.A. Alaska Wild 1
14%
Cherry Brittainy C. À l'Ouest, les vagues 3
14%
Bowen Sarina Amertume 1
14%
Triss Anna Amour, flingues et Macaronis 2
14%
Bowen Sarina Ancrage 2
14%
Halle Karina – Mackenzie Scott And then?
14%
Ghanem Océane – Guerrieri Jenn Angel vs Devil 2
14%
Parizot Emilie A notre dernier rendez-vous
14%
Hoover Colleen A première vue
14%
Wild Laura S. Après la tempête
14%
Sheridan Mia Archer's voice 1
14%
Crownover Jay Asa 6
14%
St. Clair Scarlett A touch of Chaos 4
14%
St. Clair Scarlett A touch of darkness 1
14%
St. Clair Scarlett A touch of malice 3
14%
St. Clair Scarlett A touch of ruin 2
14%
Wild Laura S. A tous les coeurs que j'ai brisés
14%
Boyer Erika Au coeur d'une nuit de Noël 1
14%
Cassis Maloria Au péril de nos coeurs
14%
Keeland Vi – Ward Penelope Avec toi malgré moi
14%
Daws Amy Bad Boy Era 4
14%
Kennedy Elle Bad Girl Reputation 2
14%
Frazier T.M. Bear 3
14%
Lauren Christina Beautiful 5
14%
Lauren Christina Beautiful Bastard 1
14%
Lauren Christina Beautiful Beginning 3.5
14%
Lauren Christina Beautiful Beloved 3.75
14%
Lauren Christina Beautiful Bitch 1.5
14%
Lauren Christina Beautiful Secret 4
14%
Lauren Christina Beautiful Sexbomb 2.5
14%
Lauren Christina Beautiful Stranger 2
14%
Todd Anna Before 1
14%
Todd Anna Before 2
14%
Carlan Audrey Berlin 8
14%
Ghanem Océane Bienvenue à Lafayette
14%
Carlan Audrey Biker Babe 1
14%
Carlan Audrey Biker Beloved 2
14%
Carlan Audrey Biker Boss 4
14%
Carlan Audrey Biker Brit 3
14%
Torre Alessandra Black Lies
14%
G. Sylvie Black Out
14%
Inguimbert Magali Block or Love
14%
Chevallier Laurence Bloody Black Pearl 1
14%
Carat Elsa Bluff
14%
Devreaux Jane Boby 1
14%
Audret Delphine Broken Doll
14%
Berthet Emma Brûler, corps et âmes
14%
Quill C.S. Burning Games
14%
Armonie Flora Cadeau surprise et Père Noël en slip
14%
Sheridan Mia Calder & Eden 1
14%
Sheridan Mia Calder & Eden 2
14%
Evans Katy Callan le Magnétique 4
14%
Garnier Alicia Can't help falling in love 1
14%
Garnier Alicia Can't help falling in love 2
14%
Lee Geneva Captive-moi 2
14%
Lee Geneva Capture-moi 6
14%
Carlan Audrey Catori 4
14%
Lipinska Blanka Ce Jour 2
14%
Boyer Erika Ce qu'il reste de nous
14%
Gabbiani Margherita C'est juste un collègue
14%
Lee Geneva Cherche-moi 4
14%
Sulivane Nathalie Chercheur d'or
14%
Bromberg K. Cockpit 3
14%
Keeland Vi – Ward Penelope Cocky Bastard
14%
Hoover Colleen Coeurs et Âmes
14%
Balliana Tamara Cohabitation explosive
14%
Devreaux Jane Colin 3
14%
Every Estelle – Zamora Claire Colin 4
14%
Bromberg K. Combust 2
14%
Lee Geneva Commande-moi 1
14%
de Boer Ludo Comment survivre à Noël avec son ex 1
14%
de Boer Ludo Comment survivre à Noël en plein été 2
14%
Cassis Maloria – Noname Marjy Comme une ombre au tableau
14%
Lee Geneva Complète-moi 7
14%
Lee Geneva Convoite-moi 5
14%
Carlan Audrey Copenhague 3
14%
Lawyers Isa Coupable ! I love you
14%
Lee Geneva Couronne-moi 3
14%
Bromberg K. Crashed 3
14%
Solare Elodie Crois en moi
14%
Bromberg K. Cuffed 1
14%
Evans Katy Cullen le Scandaleux 5
14%
Night Molly Dark and Dangerous Love 1
14%
Night Molly Dark and Dangerous Love 2
14%
Night Molly Dark and Dangerous Love 3
14%
Lauren Christina Dark Wild Night 3
14%
Keys Cali – Zamora Claire Daryl 6
14%
Lauren Christina Dating you hating you
14%
Hana Fleur Dernière Chance 3
14%
Messier Kerbie V. Des étincelles pour Noël
14%
Estyer F.V. Désirs défendus
14%
Lee Geneva Destins troublés
14%
Rouze Jana Deux mondes à l'opposé 2
14%
Devreaux Jane Diego 2
14%
Paige Laurelin Dirty Rich Love 2
14%
Lauren Christina Dirty Rowdy Thing 2
14%
Cherry Brittainy C. Disgrace
14%
Wojtkow Amélie Dis-moi oui
14%
Kennedy Elle Domination 3
14%
Bromberg K. Down Shift 8
14%
Every Estelle Dreams (n)ever come true
14%
Keeland Vi Egomaniac
14%
Cherry Brittainy C. Eleanor & Grey
14%
Chase Emma Ellie 3
14%
Libro Marion Embrasse-moi avant Noël
14%
Boyer Erika En chemin 1
14%
Tan Cecilia Endless Love 1
14%
Every Estelle Endless Night 1
14%
Every Estelle Endless Night 2
14%
Banks Maya Enfin réunis ? 3
14%
Halle Karina Entre ciel et mer
14%
Chase Emma Entre parenthèses 3.5
14%
Cara Jill Envolés
14%
Guisiano Danielle Equation à deux inconnues
14%
Solare Elodie Eternità
14%
Cherry Brittainy C. Etoiles du Nord 4
14%
Todd Anna Ever happy 5
14%
Asher Phoenix B. Everywhere with you
14%
Carlan Audrey Evie 2
14%
Tijan Fallen Crest 1
14%
Tijan Fallen Crest 2
14%
Tijan Fallen Crest 3
14%
Tijan Fallen Crest 4
14%
Tijan Fallen Crest 5
14%
Tijan Fallen Crest 6
14%
Tijan Fallen Crest 7
14%
Hana Fleur Feeling Good
14%
Ghanem Océane – Guerrieri Jenn Fiction vs Reality 1
14%
Paige Laurelin First touch 1
14%
Noname Marjy Five
14%
Paige Laurelin Fixed on You 1
14%
Bromberg K. Flirting with 40
14%
Paige Laurelin Forever with You 3
14%
Paige Laurelin Found in You 2
14%
Wolff Tia From Christmas with glitter love
14%
Bromberg K. Fueled 2
14%
Stephens S.C. Furious rush 1
14%
Arekin Angel – Zamora Claire Gabriel 1
14%
Kennedy Elle Girl Abroad
14%
Ronnie C.J. Girl Crush 2
14%
Ronnie C.J. Glitter Girl 1
14%
Dielens Eugénie Gods of Love 1
14%
Dielens Eugénie Gods of Love 2
14%
Kennedy Elle Good Girl Complex 1
14%
Lilley R.K. Grounded 3
14%
Ayme Tina Guérir 3
14%
Chevallier Laurence Gueule d'Ange
14%
Bromberg K. Hard Beat 7
14%
Bromberg K. Hard to handle 1
14%
Bromberg K. Hard to hold 2
14%
Bromberg K. Hard to lose 4
14%
Bromberg K. Hard to love 5
14%
Bromberg K. Hard to score 3
14%
Inguimbert Magali Hell
14%
Chase Emma Henry 2
14%
Tarantini Battista Heroes
14%
Mia Rose High Lover
14%
Torre Alessandra Hollywood Dirt
14%
Chase Emma Holy Friggin Matrimony 3.5
14%
Daws Amy Honeymoon Phase 3
14%
Parizot Emilie Hors d'oeuvre et préjugés 1
14%
Asher Phoenix B. Hotshot
14%
Paige Laurelin Hudson & You 4
14%
Garnier Alicia I knew you were trouble
14%
34 auteurs sous la direction d'Anna Todd Imagines
14%
Stephens S.C. Indecise 1
14%
Devreaux Jane Indomptable Sandre 1
14%
Messier Kerbie V. Inévitable
14%
Lilley R.K. In flight 1
14%
Devreaux Jane Inoubliable Josh 2
14%
Stephens S.C. Insatiable 2
14%
Devreaux Jane Inssaisissable Steve 3
14%
Stephens S.C. Intrepide 3
14%
Reardon Stuart – Harvey-Berrick Jane Invincible 1
14%
Carlan Audrey Isabeau 3
14%
Balliana Tamara Itinéraire sans GPS (guide pour séduire)
14%
Crownover Jay Jet 2
14%
Guisiano Danielle Je t'attendrai 2
14%
Guisiano Danielle Je t'entendrai 1
14%
Lauren Christina Josh + Hazel ou comment ne pas tomber amoureux
14%
Sheridan Mia Kyland
14%
Thill Alexiane La Biche et le Limier 4
14%
Caldin Kalypso La Colère d'Hadès 1
14%
Kennedy Elle La Conquête 1
14%
Noname Marjy La Dette
14%
Trompette Laura Ladies' secret 2
14%
Trompette Laura Ladies' taste 1
14%
Elks Carrie La fantaisie du printemps 4
14%
Ryan Lexi La fêlure 1
14%
Rivard Julie L'affaire Chanelle Fitch 4
14%
Rivard Julie L'affaire Eva Beck 1
14%
Rivard Julie L'affaire Leane Cohen 2
14%
Rivard Julie L'affaire Lily X 3
14%
Cherry Brittainy C. La force de renaître
14%
Thill Alexiane La Louve et le Glaive 3
14%
Caldin Kalypso La Luxure d'Arès 3
14%
Elks Carrie La magie de l'hiver 3
14%
Vercetti Bones L'amour vache
14%
Cherry Brittainy C. Landon & Shay 1
14%
Cherry Brittainy C. Landon & Shay 2
14%
Watt Erin La Princesse de papier 1
14%
Watt Erin La Prison dorée 3
14%
Sheridan Mia La Promesse
14%
March Meghan La reine de pique 2
14%
Thill Alexiane La Reine et le Clan 6
14%
Paige Laurelin Last kiss 2
14%
Pierce M. Last Light 2
14%
DL Fanny Last little lies 2
14%
Saint-just Camille La tentation de Wendy 1
14%
Caldin Kalypso La trahison de Charon 6
14%
Huang Ana L'Avarice 3
14%
Caldin Kalypso La vengeance de Méduse 4
14%
Caldin Kalypso La Violence d'Aphrodite 2
14%
Hoover Colleen Layla
14%
Sheridan Mia Le collectionneur de voeux
14%
Cavalier Emma Le conteur d'histoires 1
14%
Jones Tara Le Contrat 1
14%
Jones Tara Le Contrat 2
14%
May Emilie Le Défi
14%
Bonnert Ellie Le fils du père Noël est un con
14%
Cavalier Emma Le gardien des secrets 2
14%
Evans Katy Legend 6
14%
Cavalier Emma Le guérisseur 3
14%
Jones Tara Le Lien 3
14%
Sheridan Mia Le Mal dans la peau
14%
Orson Garance Le mariage archi-faux de Ludwig & Maëlle
14%
Jurius Emily Le mec du chalet
14%
March Meghan L'empire du mal 3
14%
Boyer Erika L'encre du passé 1
14%
Boyer Erika L'encre du passé 2
14%
Sheridan Mia Leo 1
14%
Sheridan Mia Leo's chance 2
14%
Halle Karina Le Pacte 1
14%
Watt Erin Le Prince brisé 2
14%
Triss Anna Le Prince charmant existe ! (Il est italien et tueur à gages) 1
14%
Watt Erin Le Prince déchu 4
14%
March Meghan Le roi sans pitié 1
14%
Watt Erin Le Royaume en danger 5
14%
Lipinska Blanka Les 365 prochains jours 3
14%
Chevallier Laurence Les amoureux de Montmartre
14%
Keeland Vi Les Belles Apparences
14%
Balliana Tamara Les chagrins d'amour font de belles chansons
14%
Tarantini Battista Les étoiles ne meurent jamais 2
14%
Caldin Kalypso Les limbes de Pandore 5
14%
Fisher Tarryn Le Songe
14%
Kaljar Manon Les oubliés de Noël
14%
Stergann Valentine Les ours mal léchés s'apprivoisent à Noël
14%
Elks Carrie Les promesses de l'été 1
14%
Thill Alexiane Le Trèfle et l'Agneau 5
14%
Shen L.J. Le voleur de baisers
14%
Sheridan Mia L'honneur de Preston
14%
Halle Karina L'Offre 2
14%
Thill Alexiane L'Ogre et le Chardon 1
14%
Carlan Audrey Londres 7
14%
Payelle Aurore Lonely Wolf 2
14%
Pierce M. Long Night 1
14%
Jones Lucile Long Story Short
14%
Carlan Audrey Los Angeles 12
14%
Thill Alexiane L'Ours et le Taureau 2
14%
TL Oly Love & Darkness 1
14%
Paige Laurelin – Simone Sierra Love en direct
14%
TL Oly Love & Guilt 2
14%
Torre Alessandra Love in Lingerie
14%
Chase Emma Love Lesson 1
14%
Chase Emma Love Lesson 2
14%
Crownover Jay Love & Rehab
14%
Kennedy Elle Love Song
14%
Cherry Brittainy C. Lueurs de l'Est 2
14%
Potvin Marie Lui sans fin
14%
Dani Noémie L'un pour l'autre 2
14%
Parizot Emilie Macarons et sentiments 2
14%
Ward Penelope Mack Daddy
14%
Evans Katy Madame Malcolm 2.5
14%
Seveno Elle Make me Bad 1
14%
Seveno Elle Make me Bad 2
14%
Evans Katy Malcolm +1 2
14%
Evans Katy Malcolm le Sulfureux 1
14%
Jones Tara Ma pire ennemie
14%
de Kerlan Eva – Zamora Claire Matt 2
14%
Estyer F.V. Maybe it's love
14%
Parizot Emilie Meilleurs voeux et va au diable
14%
Rivers Kristen Mens-moi jusqu'au bout du monde
14%
Tucker K.A. Mentir 2
14%
Rose Gwendoline Merry Bloody Christmas
14%
Shen L.J. Midnight Blue
14%
Lilley R.K. Mile High 2
14%
Evans Katy Mine 2
14%
Eloradana Marlene Miracle à Silver Peaks 2
14%
Rouze Jana Mis à la casse 1
14%
Kennedy Elle Misfit 1
14%
Score Lucy Mistakes were made 2
14%
Lilley R.K. Mister B 4
14%
Reardon Stuart – Harvey-Berrick Jane Model Boyfriend 2
14%
Cassis Maloria Mon beau sapin roi des embrouilles
14%
Carlan Audrey Montreal 6
14%
Sheridan Mia More than words
14%
Audret Delphine Motor Trouble 2
14%
Huntington Parker S. – Shen L.J. My Dark Desire 2
14%
Huntington Parker S. – Shen L.J. My Dark Prince 3
14%
Huntington Parker S. – Shen L.J. My dark Romeo 1
14%
Lauren Christina My Favorite half-night stand
14%
Dieudonné Élodie My Fucking Santa Niklaus
14%
Keeland Vi – Ward Penelope My Little Lie
14%
Dreux Adriana Mysterious R
14%
Crownover Jay Nash 4
14%
Hoover Colleen – Fisher Tarryn Never never 1
14%
Hoover Colleen – Fisher Tarryn Never never 2
14%
Hoover Colleen – Fisher Tarryn Never never 3
14%
Chase Emma Nicholas 1
14%
Daws Amy Nine Month Contract 1
14%
Eloradana Marlene Noël à Silver Peaks 1
14%
Mia Rose Noël, avalanche et hésitations
14%
Balliana Tamara Noël est une arnaque
14%
Myjany Fanny Noël j’en ai plein les bottes !
14%
Delaunay Thalyssa Noël, lutin glacé et voisin rôti
14%
Pears Jeanne No More Lies 2
14%
Boyer Erika – Wolff Tia Nos Coeurs Déboussolés
14%
Stergann Valentine Nos cœurs en chute libre
14%
Todd Anna Nos étoiles manquées 2
14%
Todd Anna Nos étoiles perdues 1
14%
Todd Anna Nos étoiles retrouvées 3
14%
Seveno Elle Nos rêves en parallèle
14%
Godwin Pam Notes Noires
14%
Todd Anna Nothing less 2
14%
Todd Anna Nothing more 1
14%
Lauren Christina Not-Joe Story 4.5
14%
Parizot Emilie Notre fabuleuse désastreuse Christmas party
14%
Ninay Adèle Nous deux sur le toit du monde
14%
Hana Fleur Nouvelle Chance 2
14%
Chase Emma Objection 1
14%
Bromberg K. Off the Grid 1
14%
Pears Jeanne Only Lies 1
14%
Bromberg K. On the Edge 2
14%
Ayme Tina Oublier 1
14%
Bromberg K. Out of Control 4
14%
Bromberg K. Over the Limit 3
14%
Chavalan Robyne Max Paris by night
14%
Ninay Adèle Pas nés sous la même étoile
14%
Rivers Kristen (Pas) trop fan de toi
14%
TL Oly Peau contre peau 2
14%
Dekdes Fanfan Pick me Up 1
14%
Boyer Erika Pile ou Face
14%
Keeland Vi – Ward Penelope Playboy Pilot
14%
Caldin Kalypso Pour me sauver
14%
Dani Noémie Pour te plaire 3
14%
Quill C.S. Premier Round 1
14%
Banks Maya Protège-moi 1
14%
Myjany Fanny Pull moche recherche partenaire pour Noël
14%
Deka Aurore J. Quand chante la pluie
14%
Dani Noémie Quoi qu'ils en disent 1
14%
Bromberg K. Raced 3.5
14%
Evans Katy Racer 7
14%
Austen Jane Raison et Sentiments
14%
Force M.S. Rapturous 4
14%
Force M.S. Ravenous 5
14%
Evans Katy Real 1
14%
Reynard Sylvain Rédemption 3
14%
Evans Katy Remy 3
14%
Ayme Tina Renaître 4
14%
Tucker K.A. Respire 1
14%
Seveno Elle Restart with Song
14%
Rivard Julie Rétro Love
14%
Ryan Lexi Rêves volés 3
14%
Paige Laurelin Rich Men 1
14%
Evans Katy Ripped 5
14%
Evans Katy Rogue 4
14%
Crownover Jay Rome 3
14%
Ward Penelope Room Hate
14%
Lauren Christina Roomies
14%
Crownover Jay Rowdy 5
14%
Crownover Jay Rule 1
14%
de Kerlan Eva – Zamora Claire Ryan 3
14%
Tucker K.A. Saisir 3
14%
Carlan Audrey San Francisco 5
14%
Ghanem Océane Sanglante Eternité
14%
Cassis Maloria Sans faute
14%
Tan Cecilia Satisfaction 3
14%
Stephens S.C. Sauvage 5
14%
Sulivane Nathalie Savannah 1
14%
Sulivane Nathalie Savannah 2
14%
Shen L.J. Scandale
14%
Hana Fleur Seconde Chance 1
14%
Quill C.S. Second Round 2
14%
Bowen Sarina Secrets 3
14%
Tan Cecilia Seduction 2
14%
Stephens S.C. Sensible 4
14%
Audret Delphine Sergent lady Killer 1
14%
Daws Amy Seven Year Itch 2
14%
Keeland Vi Sex not Love
14%
Harlow Melanie Si nos chemins se croisent
14%
Lawyers Isa – Morgan Samantha Sister Pact
14%
Rivers Kristen Si tu m'enlèves, prends garde à toi
14%
Harlow Melanie Si un jour tu es à moi
14%
Bromberg K. Slow Flame 5
14%
Myjany Fanny Smart Girls never fall in love at University
14%
DL Fanny Snowy little lies 1
14%
Ryan Lexi Something Dangerous 1
14%
Ryan Lexi Something Real 2
14%
Ryan Lexi Something Wild 0
14%
Lauren Christina Something wilder
14%
TL Oly Souffle contre souffle 1
14%
Chase Emma Sous influence 2
14%
Banks Maya Sous ta protection 2
14%
Marceau Lou So What ?
14%
Todd Anna Spring Girls
14%
Ward Penelope Step Brother
14%
Score Lucy Story of my Life 1
14%
Wolf Tessa Stupide Karma
14%
Carlan Audrey Suda Kaye 1
14%
Bennett Sawyer Sugar Daddy 1
14%
Bennett Sawyer Sugar Free 3
14%
Bennett Sawyer Sugar Rush 2
14%
Armonie Flora Sur la même longueur d'onde
14%
Boyer Erika Sur la route 2
14%
Bromberg K. Sweet Ache 6
14%
Bromberg K. Sweet Distraction 3
14%
Lauren Christina Sweet Filthy Boy 1
14%
Bromberg K. Sweetheart
14%
Bromberg K. Sweet Regret 1
14%
Bromberg K. Sweet Surrender 2
14%
Evans Katy Tahoe le Collectionneur 3
14%
Chase Emma Tamed 3
14%
Chase Emma Tangled 1
14%
River Alba Target
14%
Seveno Elle T'atteindre
14%
Bessett Jo Tempêtes à Fermont
14%
Cherry Brittainy C. Tempêtes du Sud 1
14%
Ward Penelope The Boy next door
14%
Bromberg K. The Catch 2
14%
Kennedy Elle The Charlie Method 3
14%
Hastings Jessa The conditions of will
14%
Huang Ana The Defender 2
14%
Kennedy Elle The Dixon Rule 2
14%
Kennedy Elle The Graham Effect 1
14%
Cherry Brittainy C. The Holly Dates
14%
Lauren Christina The Honey-don't List
14%
Huang Ana The Keeper 3
14%
Hoang Helen The Kiss Quotient
14%
Todd Anna The Last Sunrise
14%
Payelle Aurore The Marked Society
14%
Lauren Christina The Paradise Problem
14%
Bromberg K. The Player 1
14%
Lauren Christina The soulmate equation 1
14%
Huang Ana The Striker 1
14%
Kennedy Elle The summer Girl 3
14%
Lauren Christina The true love experiment 2
14%
Garnier Alicia The void 2
14%
Chase Emma Tied 4
14%
Ronnie C.J. Tinkerbell 3
14%
Sheridan Mia Toi plus que tout
14%
Hoover Colleen Too Late
14%
Asher Phoenix B. Tout ce que je veux pour Noël c'est toi
14%
Sheridan Mia Travis 2
14%
Marceau Lou Try Baby
14%
Boyer Erika Tu finiras par aimer Noël 2
14%
Lauren Christina Twice in a blue moon
14%
Frazier T.M. Tyran 2
14%
Hoover Colleen Un bonheur imparfait
14%
Enrose Alex Under the spotlight
14%
Auclair Axelle Une fois trois 1
14%
Auclair Axelle Une fois trois 2
14%
Tucker K.A. Une lueur d'espoir
14%
Rouze Jana Une seule ligne d'arrivée 3
14%
Asher Phoenix B. Unexpected Christmas
14%
Mia Rose Un léger malentendu
14%
Lauren Christina Un Noël sans fin
14%
Myjany Fanny Un pas après l'autre
14%
Wild Laura S. Until the End
14%
Force M.S. Valorous 2
14%
Balliana Tamara Veux-tu être mon +1
14%
Force M.S. Victorious 3
14%
Force M.S. Virtuous 1
14%
Balliana Tamara Vivre d'amour et de peinture fraîche
14%
Jones Tara Voyage Interdit
14%
Carlan Audrey Washington D.C. 9
14%
Todd Anna We collided 2
14%
Todd Anna We fell 3
14%
Todd Anna We rise 4
14%
Lauren Christina Wicked Sexy Liar 4
14%
Crownover Jay Wild Men 1
14%
Crownover Jay Wild Men 2
14%
Crownover Jay Wild Men 3
14%
Parizot Émilie Wildrose
14%
No matching quizzes found
Score Distribution
Percent of People with Each Score
Percentile by Number Answered
Your Score History
You have not taken this quiz since the last reset